ESSENTIALS OF MANAGEMENT (Record no. 8843)
[ view plain ]
| 000 -LEADER | |
|---|---|
| fixed length control field | 00491nam a22001697a 4500 |
| 003 - CONTROL NUMBER IDENTIFIER | |
| control field | SGT |
| 020 ## - INTERNATIONAL STANDARD BOOK NUMBER | |
| International Standard Book Number | 8120304861 |
| 082 ## - DEWEY DECIMAL CLASSIFICATION NUMBER | |
| Classification number | 658.MAS |
| 100 ## - MAIN ENTRY--PERSONAL NAME | |
| Personal name | MASSIE,JOSEPH.L |
| 245 ## - TITLE STATEMENT | |
| Title | ESSENTIALS OF MANAGEMENT |
| 250 ## - EDITION STATEMENT | |
| Edition statement | 4TH |
| 260 ## - PUBLICATION, DISTRIBUTION, ETC. (IMPRINT) | |
| Place of publication, distribution, etc | NEW DELHI |
| Name of publisher, distributor, etc | PHI |
| Year of Publication | 1994 |
| 300 ## - PAGE DESCRIPTION | |
| No. of Pages | 301 |
| 650 ## - SUBJECT ADDED ENTRY--TOPICAL TERM | |
| Topical term or geographic name as entry element | MANAGEMENT |
| 653 ## - KEYWORDS--INDEX TERM | |
| Keyword term | BACKGROUND OF MODERN MANAGEMENT,FUNCTION IN THE MANAGEMENT PROCESS,APPLICATION OF MANAGERIAL FUNCTIONS,FINANCIAL MANAGEMENT,MULTINATIONAL MANAGEMEMT |
| 942 ## - ADDED ENTRY ELEMENTS (KOHA) | |
| Source of classification or shelving scheme | Dewey Decimal Classification |
| Koha item type | FCM Books |
| 942 ## - ADDED ENTRY ELEMENTS (KOHA) | |
| -- | 1 |
| Withdrawn status | Lost status | Source of classification or shelving scheme | Damaged status | Not for loan | Home library | Current library | Shelving location | Date acquired | Vendor Name | Cost, normal purchase price | SGTU | Total Checkouts | Full call number | Accession No. (Barcode) | Date last seen | Date last borrowed | Bill Date | Koha item type |
|---|---|---|---|---|---|---|---|---|---|---|---|---|---|---|---|---|---|---|
| Dewey Decimal Classification | SGT Science & Social Sciences Library | SGT Science & Social Sciences Library | Text Book | 31/05/2016 | DONATE BY Mr.D.SINGH | 75.00 | SGTU | 3 | 658.MAS | CM229 | 23/11/2022 | 22/11/2022 | 31/05/2016 | FCM Books |